000 00646nam a22002057a 4500
003 OSt
005 20260430105349.0
008 260430b |||||||| |||| 00| 0 eng d
020 _a9781032066615
020 _a9781003203278
040 _aMMARA-U
_beng
_cMMARA-U
_dMMARA-U
050 _aKF 1524.85 .H47 2022
100 _aHernandez Alexander.
_93225
245 _aConsumer Bankruptcy Law A Practical Guide for Students and Professionals /
_c Alexander Hernandez.
260 _aLondon :
_bRoutledge,
_c2022.
300 _aviii, 432 pages :
_bIllustrations ;
504 _aIncludes Index.
650 _aBankruptcy.
_93226
942 _2lcc
_cLOAN LOAN
999 _c33547
_d33544